عرض عادي عرض مارك
  • البلاد العربية

مدخل إسم جغرافي

عدد التسجيلات المستخدمة في: 1

001 - رقم الضبط

  • حقل الضبط: 61873

003 - معرف رقم الضبط

  • حقل الضبط: OSt

005 - تاريخ ووقت أخر عملية

  • حقل الضبط: 20180412173433.0

008 - عناصر بيانات ثابتة الطول

  • حقل تحكم ثابت الطول: 180412|| aca||aabn | a|a d

040 ## - مصدر الفهرسة

  • هيئة الفهرسة الأصلية: OSt
  • وكالة الكتابة: OSt

151 ## - مدخل-- مصطلح تاريخي

  • اسم جغرافي: البلاد العربية
  • تفريع عام: سياسة وحكومة

670 ## - بيانات المصدر موجوده

  • الاستشهاد بالمصدر: Work cat.: (OSt)41793: نظمي، وميض جمال عمر، 1941-2016 61871, التحدي المجيد :, 2017